Interactions 2 : Reading CD
Đã lưu trong:
| 主要作者: | |
|---|---|
| 格式: | 图书 |
| 语言: | Undetermined |
| 出版: |
New York
McGraw Hill
2007
|
| 主题: | |
| 标签: |
添加标签
没有标签, 成为第一个标记此记录!
|
| Thư viện lưu trữ: | Trung tâm Học liệu Trường Đại học Cần Thơ |
|---|
| LEADER | 00638nam a2200205Ia 4500 | ||
|---|---|---|---|
| 001 | CTU_133622 | ||
| 008 | 210402s9999 xx 000 0 und d | ||
| 020 | |c 359500 | ||
| 082 | |a 428.0071 | ||
| 082 | |b I.61/CD.1 | ||
| 100 | |a Hartmann, Pamela | ||
| 245 | 0 | |a Interactions 2 : | |
| 245 | 0 | |b Reading CD | |
| 245 | 0 | |c Pamela Hartmann, Elaine Kirn | |
| 260 | |a New York | ||
| 260 | |b McGraw Hill | ||
| 260 | |c 2007 | ||
| 650 | |a English language,Reading | ||
| 904 | |i Giang, H.Mai chuyển số PL về 428.0071, mã hóa cutter theo tên sách dùng cho cả bộ | ||
| 980 | |a Trung tâm Học liệu Trường Đại học Cần Thơ | ||